Básně Josefa Hory /
V rámci Klubu přátel poezie vydal Supraphon v roce 1965 EP titul SP 20214 "Básně Josefa Hory" - nyní titul se snímky Vy všichni, Cvrček, Zem, z níž jsme vyšli, Čas, bratr mého srdce, Amundsen v interpretaci Josefa Chvaliny a úryvek z Horovi Úvahy o básnících Jiřím Wolkerovi a Karlu Hynku M...
Uloženo v:
| Hlavní autor: | |
|---|---|
| Další autoři: | |
| Médium: | E-audiokniha |
| Vydáno: |
Praha :
Supraphon a.s.,
2025
|
| Tagy: |
Žádné tagy |
| LEADER | 01652nim a22003137i 4500 | ||
|---|---|---|---|
| 001 | 302598 | ||
| 007 | sr nunnnnnnned | ||
| 024 | |a 859692534162 | ||
| 044 | |a xr | ||
| 100 | 1 | |a Hora, Josef |4 aut | |
| 245 | 1 | 0 | |a Básně Josefa Hory / |c Hora, Josef |
| 264 | 1 | |a Praha : |b Supraphon a.s., |c 2025 | |
| 300 | |a 1 online zdroj (8 min., 45 sek.) | ||
| 336 | |a mluvené slovo |b spw |2 rdacontent | ||
| 337 | |a audio |b s |2 rdamedia | ||
| 338 | |a online zdroj |b cr |2 rdacarrier | ||
| 505 | 0 | 0 | |t Vy všichni (1 min., 59 sek.) |
| 505 | 0 | 0 | |t Cvrček (1 min., 3 sek.) |
| 505 | 0 | 0 | |t Zem, z níž jsme vyšli (0 min., 59 sek.) |
| 505 | 0 | 0 | |t Čas, bratr mého srdce (1 min., 5 sek.) |
| 505 | 0 | 0 | |t Amundsen (0 min., 56 sek.) |
| 505 | 0 | 0 | |t Úvaha o básnících Jiřím Wolkrovi a Karlu Hynku Máchovi - úryvek (2 min., 46 sek.) |
| 520 | 2 | |a V rámci Klubu přátel poezie vydal Supraphon v roce 1965 EP titul SP 20214 "Básně Josefa Hory" - nyní titul se snímky Vy všichni, Cvrček, Zem, z níž jsme vyšli, Čas, bratr mého srdce, Amundsen v interpretaci Josefa Chvaliny a úryvek z Horovi Úvahy o básnících Jiřím Wolkerovi a Karlu Hynku Máchovi vychází v Supraphonu poprvé digitálně. JOSEF HORA (*8. července 1891 – †21. června 1945) | |
| 700 | 1 | |a Hora, Josef |4 nrt | |
| 700 | 1 | |a Chvalina, Josef |4 nrt | |
| 910 | |a RBIT002 | ||
| 998 | |d 426737 |a https://core.palmknihy.cz/api/books/426737/cover?telfsn |b https://core.palmknihy.cz/api/books/426737/cover/400?telfsn |c https://core.palmknihy.cz/api/books/426737/cover/50?telfsn |e 2099-01-01 |i 859692534162 |l 525 |q 49 |r 1 |s https://www.palmknihy.cz/kniha/426737 |t audiobook |y 2025 |z 1 | ||
| 999 | |d 302596 | ||